| 000 | 00647nam a2200193Ia 4500 | ||
|---|---|---|---|
| 008 | 090123s9999 xx 000 0 und d | ||
| 082 |
_b3361 _a891.463/माळगांव |
||
| 100 | _aमाळगावकर मनोहर | ||
| 245 | _aदि प्रिन्सेस | ||
| 250 | _a2 | ||
| 260 |
_bकेसरी मुद्रणालय _c1973 |
||
| 300 | _a430 | ||
| 600 | _aमाळगावकर मनोहर | ||
| 630 | _aदि प्रिन्सेस | ||
| 700 | _aमाळगावकर मनोहर | ||
| 700 | _aखेर भा.द. | ||
| 730 | _aदि प्रिन्सेस | ||
| 942 | _cBOOK | ||
| 999 |
_c41441 _d41441 |
||